00270nam a2200109Ia 4500008004100000082001500041100002700056245002300083260003800106300000800144650000800152191201s2019 xx 000 0 und d a658.4bPIR aPILLAI, Radhakrishanan 0aCorporate Chanakya aN. DelhibJaico Publication House a317 aBBA